• 首页
  • 本馆介绍
  • 公告通知
  • 最新文献
  • 馆藏检索
  • 电子资源
  • 读者导购
  • 参考咨询
  • 我的图书馆
  • 登录
  • 详细信息显示
  • 放入我的书架
  • 预约/预借图书
  • 作者相关作品
  • 分类相关作品
  • 丛书相关作品
  • 出版社相关作品

书目信息

  • 表格格式
  • 工作单格式
  • 卡片格式
书名: Opera
作者: Jack Sacher.
分册号:
分册名:
出版地: New York :
 
出版社: Schirmer Books
出版时间: c1997.
页数: xv, 511 p. :
开本: 25 cm.
丛书名:
中图分类号:
科图分类号:
其他分类号: J822
主题词:
电子资源:
000 00852pam a2200265 a 450
001 E0762507745
005 20070506172402.39
008 970305s1997 nyua b 001 0 eng
010    @a97011271
020    @a0028722728.
035    @A(DLC) 97011271
040    @aDLC@cDLC@dDLC
050 00 @aML1700@b.S13 1997
082 00 @a782.1@2 21
090    @aJ822
099    @dJ822@ex32
100 1  @aSacher, Jack.
245 10 @aOpera :@ba listener’s guide / @cJack Sacher.
260    @aNew York :@bSchirmer Books,@cc1997.
300    @axv, 511 p. :@bill. ;@c25 cm.
504    @aIncludes bibliographical references (p. 487-494) and index.
650  0 @aOpera.
906    @a7@bcbc@corignew@d1@eocip@f19@gy-gencatlg
955    @apc16 to vp00 03-06-97; vk07 03-06-97; vk90 03-06-97; CIP ver. vl16 10-01-97
991    @bc-Music@hML1700@i.S13 1997@tCopy 1@wBOOKS
    
    Opera : : a listener’s guide / / Jack Sacher.-New York : : Schirmer Books, , c1997.
    xv, 511 p. : : ill. ; ; 25 cm.
    Includes bibliographical references (p. 487-494) and index.
    
    ISBN 0028722728.
    
●
相关链接 在E读中查询图书 在五车中查询图书 在当当中查询图书 在豆瓣中查询图书


正题名:Opera     索取号:J822/x32         预约/预借

序号 登录号 条形码 馆藏地/架位号 状态 备注
1 0007584   300075843   第二样本阅览室/ [索取号:J822/x32] 在馆    
2 0007585   300075852   第四借阅区/ [索取号:J822/x32] 在馆    
3 0007586   300075861   第四借阅区/ [索取号:J822/x32] 在馆    
4 0007587   300075870   第四借阅区/ [索取号:J822/x32] 在馆    
唐山师范学院图书馆 欢迎您!
大连网信软件有限公司© 版权所有